000
00302nam a2200121Ia 4500
008
190216s9999||||xx |||||||||||||| ||und||
100
_a
Ghosh B N
245
0
_a
Disguised Un Employment In Under Developed Countries
260
_b
Heritage Pubs
_c
1977
300
_a
152p
650
_a
Commerce
942
_c
BK
999
_c
4423
_d
4423